Szczegóły MARC21

Problemy społeczne wolnego czasu /

003 -Nazwa inst., której nr kontr. jest w polu 001 [,]
    • @
    • Nazwa instytucji, której n kontrolny jest w polu 001
    • NUKAT
005 -DATA I CZAS OSTATNIEJ MODYFIKACJI [,]
    • @
    • pole kontrolne
    • 20241231102128.0
040 -Instytucja sporządzająca opis [ , ]
    • a
    • Instytucja, która sporządziła opis (NP)
    • LUBL U/GZ
    • c
    • Instytucja, która sporządziła rekord (NP)
    • LUBL U/GZ
    • d
    • Instytucja, która zmodyfikowała rekord (P)
    • LUBL U/bg
    • d
    • Instytucja, która zmodyfikowała rekord (P)
    • LUBL U/MZs
    • d
    • Instytucja, która zmodyfikowała rekord (P)
    • KR U/KNs
942 -Rodzaj dokumentu [ , ]
    • c
    • Rodzaj dokumentu
    • Książka
100 -Hasło główne - nazwa osobowa [1, ]
    • a
    • Nazwa osobowa (NP)
    • Ćwiakowski, Marek.
    • 9
    • KHW
    • 56331
245 -Strefa tytułu i oznaczenia odpowiedzialności [1,0]
    • a
    • Tytuł
    • Problemy społeczne wolnego czasu / Find
    • c
    • Pozostałe elementy strefy tytułu i oznaczenia odpowiedzialności (NP)
    • Marek Ćwiakowski ; Centralna Poradnia Amatorskiego Ruchu Artystycznego.
260 -Strefa adresu wydawniczego [ , ]
    • a
    • Miejsce wydania (P)
    • Warszawa :
    • b
    • Nazwa wydawcy (P)
    • Wydaw. Związkowe CRZZ,
    • c
    • Data wydania (P)
    • 1967.
300 -Strefa opisu fizycznego [ , ]
    • a
    • Określenie formy książki i/lub objętość (NP)
    • 223 s. ;
    • c
    • Format (NP)
    • 21 cm.
336 -Typ zawartości [ , ]
    • a
    • Termin opisujący typ zawartości
    • Tekst
    • b
    • Kod określający zawartość
    • txt
    • 2
    • Źródło (terminu i kodu)
    • rdacontent
337 -Typ mediów [ , ]
    • a
    • Tryb odtwarzania
    • Bez urządzenia pośredniczącego
    • b
    • Kod typu mediów
    • n
    • 2
    • Źródło (terminu i kodu)
    • rdamedia
338 -Typ/rodzaj nośnika [ , ]
    • a
    • Hasło opisujące typ nośnika
    • Wolumin
    • b
    • Kod typu nośnika
    • nc
    • 2
    • Źródło (terminu i kodu)
    • rdacarrier
504 -Uwaga dot. bibliogr. załącznikowej [ , ]
    • a
    • Uwaga dot. bibliografii załącznikowej
    • Bibliogr. s. 217-[224].
080 -Uniwersalna Klasyfikacja Dziesiętna [ , ]
    • a
    • Symbol klasyfikacji
    • 379.8
    • 2
    • Identyfikator wydania tablic
    • UDC-P058
    • 9
    • UKD
    • 3964
    • b
    • Dopowiedzenie
    • Wykorzystywanie wolnego czasu. Wpływ i oddziaływanie wolnego czasu na jednostkę, na społeczność, na przyrodę i środowisko.
650 -Hasło przedmiotowe [ ,7]
    • a
    • Hasło przedmiotowe
    • Czas wolny
    • x
    • Określnik rzeczowy
    • socjologia
    • z
    • Określnik geograficzny
    • Polska.
    • 2
    • Źródło terminu
    • kaba
    • 9
    • KHW
    • 358690
650 -Hasło przedmiotowe [ ,7]
    • a
    • Hasło przedmiotowe
    • Budżet czasu.
    • 2
    • Źródło terminu
    • kaba
    • 9
    • KHW
    • 103961
980 -Symbol UKD [ , ]
    • a
    • UKD
    • 379.8
Sygnatura Status udost. Numer inwentarzowy Uwagi nie widoczne w OPAC Lokalizacja Data inwentaryzacji
 1Pd.5895 BG1997-01-01
 1F.24312 BNS1997-01-01
301/Ć-971ANS.84124retrokonwersja ANSBNS
301/Ć-971ANS.84286retrokonwersja ANSBNS
301/Ć-971ANS.92646retrokonwersja ANSBNS